| Record ID | ia:cambridgeancient02edwa |
| Source | Internet Archive |
| Download MARC XML | https://archive.org/download/cambridgeancient02edwa/cambridgeancient02edwa_marc.xml |
| Download MARC binary | https://www.archive.org/download/cambridgeancient02edwa/cambridgeancient02edwa_meta.mrc |
LEADER: 04915cam 2200541 4500
001 1746064
005 20090821101657.0
008 710222m19709999enkab b 001 0 eng
906 $a7$bcbc$corignew$d2$eopcn$f19$gy-gencatlg
925 0 $aacquire$b2 shelf copies$xpolicy default
955 $alg25 03-25-98 (v. 13); lg01 03-16-01; lg15 03-22-01 to SLC$aItem 00015034099 received in CCS 2009-06-30$aItem 00015034099 left CCS 2009-07-15$aItem 00015034099 left CCS 2009-08-21
955 $aADDED VOLS: v. 14 ps16 2001-07-17 to HLCD$clg02 2001-07-31 v. 14 add. (3 copies)$elg15 2002-04-30 to BCCD$aSel/sdb 2006-01-30 ADDED v.12, 2nd ed. copy 1 to HLCD$clg14 2006-02-02 (added v. 12)$elg14 2006-02-02 v. 12 copy 1 to BCCD$ald08 2006-05-04 (cp. 2) vol. 12 to BCCD$ayh16 2007-01-18 vols. 1, pt. 2 - 3, pt. 3; 5 - 9; 10 - 14 ,copy 2 added; vols. 1, pt. 1 - v. 10,v. 13 - 14, copy 3 added
010 $a 75085719 $z 92206816
020 $a0521263352 (v. 11 : hardback)
020 $a9780521301992 (v. 12)
020 $a0521301998 (v. 12)
020 $a0521325919 (v. 14 : cloth)
035 $9(DLC) 75085719
040 $aDLC$cDLC$dDLC
050 00 $aD57$b.C252
082 00 $a930$219
245 04 $aThe Cambridge ancient history.
246 30 $aAncient history
250 $a3rd ed.
260 $aCambridge [England] ;$aNew York, NY, USA :$bCambridge University Press,$c1970-<2005>
300 $a<v. 1; v. 2, pt. 1-2; v. 3, pt. 1-3; v. 4; v. 5-6; v. 7, pt. 1-2; v. 8-9; v. 10-1; v. 12; v. 14> :$bill., maps (some col.) ;$c24 cm.
500 $aSome vols. are 2nd ed.; v. 14 lacks edition statement.
500 $aIndividual chapters have already appeared as fascicles, 1961-1968.
504 $aIncludes bibliographies and indexes.
505 1 $av. 1, pt. 1. Prolegomena and prehistory / edited by I.E.S. Edwards, C.J. Gadd, and N.G.L. Hammond -- v. 1, pt. 2. Early history of the Middle East / edited by I.E.S. Edwards, C.J. Gadd and N.G L. Hammond -- v. 2, pt. 1. History of the Middle East and the Aegean Region c. 1800-1380 B.C. / edited by I.E.S. Edwards ... [et al.] -- v. 2, pt. 2. History of the Middle East and the Aegean region, c. 1380-1000 B.C. / edited by I.E.S. Edwards ... [et al.]. -- v. 3, pt. 1. The prehistory of the Balkans; and the Middle East and the Aegean World, tenth to eighth centuries B.C. / edited by John Boardman ... [et al.]. 2d ed. -- v. 3, pt. 2. The Assyrian and Babylonian empires and other states of the Near East, from the eighth to the sixth centuries, B.C. 2nd ed. -- v. 3, pt. 3. The expansion of the Greek World, eighth to sixth centuries B.C. / edited by John Boardman, N.G.L. Hammond. 2d ed. -- v. 4. Persia, Greece, and the western Mediterranean, c. 525 to 479 B.C. / edited by John Boardman ... [et al.]. 2nd ed. -- v. 5. The fifth century B.C. / edited by D.M. Lewis ... [et al.]. 2nd ed.-- v. 6. The fourth century B.C. / edited by D.M. Lewis ... [et al.]. 2nd ed. -- v. 7, pt. 1. The Hellenistic world / edited by F.W. Walbank ... [et al.]. 2nd ed. -- v. 7, pt. 2. The rise of Rome to 220 B.C. / edited by F.W. Walbank ... [et al.]. 2nd ed. -- v. 8. Rome and the Mediterranean to 133 B.C. / edited by A.E. Astin ... [et al.]. 2nd ed. -- v. 9. The last age of the Roman Republic, 146-43 B.C. 2nd ed. -- v. 10. The Augustan Empire, 43 B.C.-A.D. 69 -- v. 11. The High Empire, A.D. 70-192 / edited by Alan K. Bowman, Peter Garnsey, Dominic Rathbone -- v. 12. The crisis of empire, A.D. 193-337 / edited by Alan K. Bowman, Peter Garnsey, Averil Cameron -- v. 13. The Late Empire, A.D. 337-425 -- v. 14. Late antiquity : Empire and successors, A.D. 425-600 / edited by Averil Cameron, Bryan Ward-Perkins, Michael Whitby
650 0 $aHistory, Ancient.
700 1 $aEdwards, I. E. S.$q(Iorwerth Eiddon Stephen),$d1909-1996.
710 2 $aCambridge University Press.
856 42 $3Book review (H-Net)$uhttp://www.h-net.org/review/hrev-a0c3q5-aa
856 41 $3Sample text$uhttp://www.loc.gov/catdir/samples/cam031/75085719.html
856 42 $3Publisher description$uhttp://www.loc.gov/catdir/description/cam022/75085719.html
856 41 $3Table of contents$uhttp://www.loc.gov/catdir/toc/cam026/75085719.html
856 42 $3Contributor biographical information$uhttp://www.loc.gov/catdir/enhancements/fy0732/75085719-b.html
984 $breferred for SLC
991 $bc-GenColl$hD57$i.C252$tCopy 1$wBOOKS
991 $bc-GenColl$hD57$i.C252$p00015034117$tCopy 2$v1:1$wCCF
991 $bc-GenColl$hD57$i.C252$p00017868706$tCopy 2$v1:1$wCCF
991 $bc-GenColl$hD57$i.C252$p00032494262$tCopy 3$v10$wCCF
991 $bc-GenColl$hD57$i.C252$p0001511972A$tCopy 2$v3:2$wCCF
991 $bc-GenColl$hD57$i.C252$p00015034099$tCopy 2$v3:3$wCCF
991 $bc-GenColl$hD57$i.C252$p0001532577A$tCopy 2$v4$wCCF
991 $bc-GenColl$hD57$i.C252$p00006048304$tCopy 2$v4:525-479$wCCF
991 $br-MRR$hD57$i.C252$tCopy 1$mAlc$wGenBib bi 98-010290